| 000 | 01078cam a22003257a 4500 | ||
|---|---|---|---|
| 003 | CHAP | ||
| 005 | 20220329140939.0 | ||
| 008 | 971013s1970 r 00010 d | ||
| 010 | _a60231 | ||
| 011 | _a61203 | ||
| 020 | _a9681803108 | ||
| 035 | _a65367 | ||
| 040 | _cCHAP | ||
| 082 |
_a631.8 _bN3Y |
||
| 110 |
_aNational Plant Food Institute. Washington _980367 |
||
| 245 | 1 | 0 |
_aManual de fertilizantes _c/ por National Plant Food Institute |
| 260 |
_aMéxico, D.F. : _bLimusa, _c1970. |
||
| 300 |
_a292 p. _b: ilus. |
||
| 490 | 0 |
_aCANIEM _v; 121 |
|
| 500 | _aTrad. de : The fertilizer handbook | ||
| 590 |
_aBATCH-UPD _b10 _c20130110 _lUCH01 _h0632 |
||
| 590 |
_aCONVERSION _b10 _c20130109 _lUCH01 _h1332 |
||
| 650 | 1 | 4 |
_aFertilizantes. _940447 |
| 830 | 0 | 0 |
_aCANIEM _v; 121 _918363 |
| 901 | _aBK | ||
| 942 | _cLIBRO | ||
| 949 |
_a631.8 N3Y _bBC _cLIBRO _d33724000910584 _eLIBRO _fc.4 _h54114 _i65367 _si |
||
| 949 |
_a631.8 N3Y _bBC _cLIBRO _d33724000939005 _eLIBRO _fc.2 _h101100 _i65367 _si _t$ 131.75 |
||
| 949 |
_a631.8 N3Y _bBC _cLIBRO _d33724000959227 _eLIBRO _fc.7 _h74284 _i65367 _si |
||
| 999 |
_c60231 _d60231 |
||